000 01087nam a2200313 c 4500
999 _c428602
_d428602
003 BLK
005 20210816131353.0
008 180408b bul|||||r ||||||| ||bul||
040 _aBLK
041 _aBUL
_cBUL
080 _aФренска литература
_b821.133.1
_x-31
_z821.133.1-31
100 _aЛабулейе, Едуар
_eпърви автор
_9462497
139 _aЛабулейе, Едуар
245 1 0 _aПариж в Америка
_bРоман
_cEdouard Laboulay ; прев. Х. Генадиев
260 _c1896
_aПловдив
_fПловдив : Х. Генадиев
300 _a302 с.
_c22 см
380 _aX
490 _9435080
_aКолекция Редки и ценни издания
700 _aГенадиев, Харитон Иванов
_eпрев. от фр.
_9395074
852 _aРб 896
_bРц
856 4 _qpdf
856 4 _qpdf
942 _cKNG
_n0
_02
_s1
944 _aCR
_c2021-08-16
_kнр
999 _d79350